লালসালু / (Record no. 38438)
[ view plain ]
| 000 -LEADER | |
|---|---|
| fixed length control field | 01051nam a22002417a 4500 |
| 001 - CONTROL NUMBER | |
| control field | 38438 |
| 003 - CONTROL NUMBER IDENTIFIER | |
| rucl marc code | BD-RjUL |
| 005 - DATE AND TIME OF LATEST TRANSACTION | |
| control field | 20211209052810.0 |
| 008 - FIXED-LENGTH DATA ELEMENTS--GENERAL INFORMATION | |
| fixed length control field | 151202s 1982bg ||||| |||| 00| 0 ben d |
| 035 ## - SYSTEM CONTROL NUMBER | |
| System control number | (BD-RjUL)38543 |
| 040 ## - CATALOGING SOURCE | |
| Original cataloging agency | BD-RjUL |
| Language of cataloging | ben |
| Transcribing agency | BD-RjUL |
| 041 ## - LANGUAGE CODE | |
| Language code of text/sound track or separate title | ben |
| 082 ## - DEWEY DECIMAL CLASSIFICATION NUMBER | |
| Classification number | 891.4437 |
| Author mark and year | OYL 1982 |
| 100 ## - MAIN ENTRY--PERSONAL NAME | |
| Personal name | ওয়ালীউল্লাহ্, সৈয়দ |
| 9 (RLIN) | 116624 |
| 245 ## - TITLE STATEMENT | |
| Title | লালসালু / |
| Statement of responsibility, etc. | সৈয়দ ওয়ালীউল্লাহ্ |
| 260 ## - PUBLICATION, DISTRIBUTION, ETC. (IMPRINT) | |
| Place of publication, distribution, etc. | ঢাকা : |
| Name of publisher, distributor, etc. | কথাবিতান, |
| Date of publication, distribution, etc. | ১৯৮২ |
| 300 ## - PHYSICAL DESCRIPTION | |
| Pagination | ১২৩ পৃ. ; |
| Size | ২২ সেমি. |
| 650 ## - SUBJECT ADDED ENTRY--TOPICAL TERM | |
| Topical term or geographic name as entry element | ভণ্ড ও ভণ্ডামি |
| General subdivision | ধর্মীয় দৃষ্টিভঙ্গী |
| -- | উপন্যাস |
| 9 (RLIN) | 118713 |
| Topical term or geographic name as entry element | প্রতারণা |
| General subdivision | ধর্মীয় দৃষ্টিভঙ্গী |
| -- | উপন্যাস |
| 9 (RLIN) | 118715 |
| Topical term or geographic name as entry element | Impostors and imposture |
| General subdivision | Religious aspects |
| -- | Fiction |
| 9 (RLIN) | 118714 |
| Topical term or geographic name as entry element | Deception |
| General subdivision | Religious aspects |
| -- | Fiction |
| 9 (RLIN) | 118716 |
| 942 ## - ADDED ENTRY ELEMENTS (KOHA) | |
| Source of classification or shelving scheme | Dewey Decimal Classification |
| Koha item type | Books |
| Lost status | Source of classification or shelving scheme | Damaged status | Not for loan | Collection code | Permanent Location | Current Location | Shelving location | Date acquired | Source of acquisition | Cost, normal purchase price | Total Checkouts | Full call number | Date last seen | Copy number | Koha item type |
|---|---|---|---|---|---|---|---|---|---|---|---|---|---|---|---|
| Dewey Decimal Classification | Not For Loan | Non-fiction | Central Library, University of Rajshahi | Central Library, University of Rajshahi | Reading Room | 08/08/1983 | আলীগড় লাইব্রেরী, রাজশাহী | 18.00 | B 891.4437 OYL 1982 | 03/12/2015 | C-1 | Books |